000 00476nam a2200157 i 4500
001 115786
003 ES-MaACL
005 20230906190545.0
007 t|
008 070511s1978 sp ||||1| spa d
110 2 _aUniversidad de Santander.
_97293
245 1 0 _aMemoria del año académico 1977-1978 /
_cUniversidad de Santander.
260 _aSantander :
_bUniversidad de Santander,
_c1978.
300 _a204 p., 9 lám. ;
_c25 cm.
852 _aES-MaACL
_jA-9004
_bR.98407
999 _c115786
_d115786